Catálogo
 En Linea

Abalorios / (Registro nro. 45784)

Detalles MARC
000 -CABECERA
campo de control de longitud fija 01016nam a2200313 i 4500
001 - NÚMERO DE CONTROL
campo de control 000046295
003 - IDENTIFICADOR DEL NÚMERO DE CONTROL
campo de control DO-SdBNP
005 - FECHA Y HORA DE LA ÚLTIMA TRANSACCIÓN
campo de control 20250718113449.0
007 - CAMPO FIJO DE DESCRIPCIÓN FÍSICA--INFORMACIÓN GENERAL
campo de control de longitud fija ta
008 - DATOS DE LONGITUD FIJA--INFORMACIÓN GENERAL
campo de control de longitud fija 150716s1982 dr a r 000 0 spa d
040 ## - FUENTE DE LA CATALOGACIÓN
Centro catalogador/agencia de origen DO-SdBNP
Lengua de catalogación spa
Centro/agencia transcriptor BNPHU
Normas de descripción rda
041 ## - CÓDIGO DE LENGUA
Código de lengua del texto/banda sonora o título independiente spa
082 #4 - NÚMERO DE LA CLASIFICACIÓN DECIMAL DEWEY
Número de clasificación RD861.44
Número de documento/Ítem B663a
Número de edición 22
100 1# - ENTRADA PRINCIPAL--NOMBRE DE PERSONA
Nombre de persona Bobadilla, José,
Fechas asociadas al nombre 1955-
9 (RLIN) 11356
Término indicativo de función/relación autor
Código de función/relación aut.
245 10 - MENCIÓN DE TÍTULO
Título Abalorios /
Mención de responsabilidad, etc. José Bobadilla.
246 13 - FORMA VARIANTE DE TÍTULO
Título propio/Titulo breve Abalorios (circunstancia)
250 ## - MENCIÓN DE EDICIÓN
Mención de edición Primera edición
264 #4 - PRODUCCIÓN, PUBLICACIÓN, DISTRIBUCIÓN, FABRICACIÓN Y COPYRIGHT
Producción, publicación, distribución, fabricación y copyright Santo Domingo, República Dominicana :
Nombre del de productor, editor, distribuidor, fabricante Editora Corripio,
Fecha de producción, publicación, distribución, fabricación o copyright ©1982.
300 ## - DESCRIPCIÓN FÍSICA
Extensión 151 páginas :
Otras características físicas ilustraciones ;
Dimensiones 20 cm.
336 ## - TIPO DE CONTENIDO
Término de tipo de contenido texto
Código de tipo de contenido txt
Fuente rdacontent
337 ## - TIPO DE MEDIO
Nombre/término del tipo de medio sin mediación
Código del tipo de medio n
Fuente rdamedia
338 ## - TIPO DE SOPORTE
Nombre/término del tipo de soporte volumen
Código del tipo de soporte nc
Fuente rdacarrier
500 ## - NOTA GENERAL
Nota general Incluye datos biográficos del autor en la solapa de la cubierta.
590 ## - NOTA LOCAL (RLIN)
Nota local Inventariado, 2025/ YL
650 #4 - PUNTO DE ACCESO ADICIONAL DE MATERIA--TÉRMINO DE MATERIA
Término de materia o nombre geográfico como elemento de entrada Poesía dominicana
9 (RLIN) 66
650 #0 - PUNTO DE ACCESO ADICIONAL DE MATERIA--TÉRMINO DE MATERIA
Término de materia o nombre geográfico como elemento de entrada Literatura dominicana.
9 (RLIN) 67
910 ## - DATOS DE OPCIÓN DEL USUARIO (OCLC)
Datos de opción del usuario Validado Control de calidad MFF
942 ## - ELEMENTOS DE PUNTO DE ACCESO ADICIONAL (KOHA)
Fuente del sistema de clasificación o colocación Dewey Decimal Classification
Tipo de ítem Koha Libro
Existencias
Estado de retiro Estado de pérdida Fuente del sistema de clasificación o colocación Restricciones de uso No para préstamo Código de colección Localización permanente Ubicación/localización actual Ubicación en estantería Fecha de adquisición Fuente de adquisición Total de préstamos Signatura topográfica completa Código de barras Fecha visto por última vez Precio válido a partir de Tipo de ítem Koha Nota pública Número de copia
    Dewey Decimal Classification Excluido de préstamo   Patrimonio Dominicano Biblioteca Nacional Pedro Henríquez Ureña Biblioteca Nacional Pedro Henríquez Ureña Depósito 04.06.2014 Donado por Chiqui V. / Fidelio D.   BNPHU PD RD861.44 B663a 46295-10 25.06.2020 25.06.2020 Libro Perteneció a la biblioteca personal Chiqui Vicioso / Fidelio D.  
    Dewey Decimal Classification Excluido de préstamo   Patrimonio Dominicano Biblioteca Nacional Pedro Henríquez Ureña Biblioteca Nacional Pedro Henríquez Ureña Depósito 01.08.2016 Donado por Barbara Suncar   BNPHU PD RD861.44 B663a 46295-20 25.06.2020 25.06.2020 Libro Perteneció a la biblioteca personal de Barbara Suncar e.2
    Dewey Decimal Classification Préstamo en sala   Dominicana de Servicio Biblioteca Nacional Pedro Henríquez Ureña Biblioteca Nacional Pedro Henríquez Ureña Depósito 01.08.2016     BNPHU DS RD861.44 B663a 2025-3964 06.05.2025 06.05.2025 Libro   e.3
    Dewey Decimal Classification Préstamo en sala   Dominicana de Servicio Biblioteca Nacional Pedro Henríquez Ureña Biblioteca Nacional Pedro Henríquez Ureña Depósito 01.08.2016     BNPHU DS RD861.44 B663a 2025-3965 06.05.2025 06.05.2025 Libro   e.4
    Dewey Decimal Classification Préstamo en sala   Dominicana de Servicio Biblioteca Nacional Pedro Henríquez Ureña Biblioteca Nacional Pedro Henríquez Ureña Depósito 01.08.2016     BNPHU DS RD861.44 B663a 2025-3966 06.05.2025 06.05.2025 Libro Perteneció a la biblioteca personal de René Rodríguez Soriano e.5

Con tecnología Koha